| 000 | 00392nam a22001577a 4500 | ||
|---|---|---|---|
| 003 | CEME | ||
| 005 | 20210628204954.0 | ||
| 008 | 210204b xxu||||| |||| 00| 0 eng d | ||
| 040 | _c. | ||
| 082 | _a621.0285 FLU | ||
| 100 |
_aFluent _973115 |
||
| 245 | _aFluent 6.1 tutorial guide | ||
| 260 |
_aNEW YORK _bFLUENT, INC _c2003 |
||
| 650 |
_aFLUENT 6.1-TUTORIAL GUIDE _973116 |
||
| 942 |
_cBK _2ddc |
||
| 999 |
_c578975 _d578975 |
||